Virasimhavalokah of Rajavirasinghadevatomara/ (Record no. 57115)

000 -LEADER
fixed length control field 00463nam a22001697a 4500
020 ## - INTERNATIONAL STANDARD BOOK NUMBER
ISBN 8121800323
082 ## - DEWEY DECIMAL CLASSIFICATION NUMBER
Classification number S 615.538
Item number RAJ/V
100 ## - MAIN ENTRY--AUTHOR NAME
Personal name Rajavirasinghadevatomara
245 ## - TITLE STATEMENT
Title Virasimhavalokah of Rajavirasinghadevatomara/
Statement of responsibility, etc by Rajavirasinghadevatomara
260 ## - PUBLICATION, DISTRIBUTION, ETC. (IMPRINT)
Place of publication Varanasi:
Name of publisher Chowkambha,
Year of publication 2007.
300 ## - PHYSICAL DESCRIPTION
Number of Pages 815p.
650 ## - SUBJECT ADDED ENTRY--TOPICAL TERM
Topical Term Ayurveda
650 ## - SUBJECT ADDED ENTRY--TOPICAL TERM
Topical Term Medicine
650 ## - SUBJECT ADDED ENTRY--TOPICAL TERM
Topical Term Applied Science
700 ## - ADDED ENTRY--PERSONAL NAME
Personal name Radhakrishna Parashara (comm.)
942 ## - ADDED ENTRY ELEMENTS (KOHA)
Koha item type Book
Holdings
Withdrawn status Lost status Damaged status Not for loan Permanent Location Current Location Shelving location Date acquired Cost, normal purchase price Full call number Accession Number Price effective from Koha item type
        Sree Sankaracharya University of Sanskrit Sree Sankaracharya University of Sanskrit Stacks 26.10.2015 375.00 S 615.538 RAJ/V 079447 26.10.2015 Book
        Sree Sankaracharya University of Sanskrit Sree Sankaracharya University of Sanskrit Stacks 26.10.2015 375.00 S 615.538 RAJ/V 079448 26.10.2015 Book